Vainqueur Betclic Elite - Statistiques

Statistiques générales
  • Ce quiz a été pris 35 fois
  • Le résultat moyen est 11 sur 14
Statistiques - réponses
Année Club % Correct
2024-2025 Paris Basketball
96%
2023-2024 AS Monaco
92%
2022-2023 AS Monaco
92%
2021-2022 ASVEL Lyon - Villeurbanne
92%
2020-2021 ASVEL Lyon - Villeurbanne
92%
2018-2019 ASVEL Lyon - Villeurbanne
92%
2015-2016 ASVEL Lyon‑Villeurbanne
92%
2017-2018 Le Mans Sarthe Basket
77%
2014-2015 Limoges CSP
77%
2013-2014 Limoges CSP
77%
2012-2013 JSF Nanterre
58%
2016-2017 Élan Chalon
46%
2011-2012 Élan Chalon
46%
2010-2011 SLUC Nancy
38%
Aucun quiz correspondant
Distribution des résultats
% des personnes avec chaque résultat
Percentile par nombre de réponses
Votre historique - résultats
Vous n’avez pas pris ce quiz